[Event "Arco op-B 39th"]
[Site "Arco"]
[Date "2017.10.14"]
[Round "7"]
[White "Sbalchiero, Lorenzo"]
[Black "Marzano, Giovanni"]
[Result "1-0"]
[WhiteElo "1621"]
[BlackElo "1495"]
[PlyCount "71"]
[EventDate "2017.10.08"]
[EventType "swiss"]
[EventRounds "8"]
[EventCountry "ITA"]
[SourceTitle "CBM 181 Extra"]
[Source "ChessBase"]
[SourceDate "2017.12.12"]
[SourceVersion "1"]
[SourceVersionDate "2017.12.12"]
[SourceQuality "1"]

1. d4 d5 2. c4 c6 3. Nc3 Nf6 4. e3 e6 5. a3 Be7 6. Nf3 0-0 7. Bd3 Nbd7 8. c5 Qc7 9. b4 e5 10. dxe5 Nxe5 11. h3 Nxd3+ 12. Qxd3 a5 13. Bb2 axb4 14. axb4 Be6 15. 0-0 Qc8 16. Na4 Bd8 17. Nb6 Bxb6 18. cxb6 Ne4 19. Rxa8 Qxa8 20. Ra1 Qd8 21. Bd4 Qe7 22. Qb1 Qd7 23. Ne5 Qc8 24. Ra7 Bf5 25. Qb2 f6 26. Nf3 Bxh3 27. gxh3 Qxh3 28. Nh2 Qh5 29. f3 Qg5+ 30. Qg2 Ng3 31. Kf2 Qg6 32. Qxg3 Qc2+ 33. Kg1 Qb1+ 34. Nf1 g5 35. Rxb7 Qxb4 36. Qc7 1-0

[Event "Arco op-B 39th"]
[Site "Arco"]
[Date "2017.10.08"]
[Round "1"]
[White "Buri, Kata"]
[Black "Sbalchiero, Lorenzo"]
[Result "0-1"]
[WhiteElo "1472"]
[BlackElo "1621"]
[PlyCount "80"]
[EventDate "2017.10.08"]
[EventType "swiss"]
[EventRounds "8"]
[EventCountry "ITA"]
[SourceTitle "CBM 181 Extra"]
[Source "ChessBase"]
[SourceDate "2017.12.12"]
[SourceVersion "1"]
[SourceVersionDate "2017.12.12"]
[SourceQuality "1"]

1. e4 c5 2. Nf3 d6 3. c3 Nc6 4. d4 Nf6 5. Be2 Nxe4 6. d5 Ne5 7. Qa4+ Nd7 8. Qxe4 g6 9. Bf4 Nf6 10. Qc2 Nxd5 11. Bg3 Bg7 12. Nbd2 0-0 13. 0-0 Nf6 14. Rfe1 a6 15. Rad1 b5 16. Nb3 c4 17. Nbd4 Bb7 18. Qd2 Ne4 19. Qe3 Nxg3 20. fxg3 Re8 21. b3 Qc7 22. bxc4 bxc4 23. Nc2 d5 24. Nb4 e6 25. Rf1 f6 26. Nd4 Qc5 27. Kh1 e5 28. Ndc2 Rac8 29. a3 a5 30. Na2 f5 31. Rb1 Ba6 32. Qd2 d4 33. Bf3 d3 34. Ne3 e4 35. Bd1 Rb8 36. Ba4 Red8 37. g4 Rxb1 38. Rxb1 f4 39. Re1 fxe3 40. Rxe3 Bh6 0-1

[Event "Arco op 37th"]
[Site "Arco"]
[Date "2015.10.16"]
[Round "7"]
[White "Sbalchiero, Lorenzo"]
[Black "Ghidinelli, Giorgio"]
[Result "0-1"]
[WhiteElo "1599"]
[BlackElo "1832"]
[PlyCount "196"]
[EventDate "2015.10.10"]
[EventType "swiss"]
[EventRounds "9"]
[EventCountry "ITA"]
[SourceTitle "CBM 168 Extra"]
[Source "ChessBase"]
[SourceDate "2015.10.29"]
[SourceVersion "1"]
[SourceVersionDate "2015.10.29"]
[SourceQuality "1"]

1. e4 e5 2. Nf3 Nc6 3. Bc4 Be7 4. 0-0 Nf6 5. Nc3 0-0 6. d3 h6 7. a3 d6 8. h3 Be6 9. Ba2 Bxa2 10. Rxa2 d5 11. exd5 Nxd5 12. Nxd5 Qxd5 13. c4 Qd7 14. b4 Bf6 15. Rd2 Rad8 16. Bb2 a6 17. Re1 Rfe8 18. Qa1 Qf5 19. Re3 b5 20. cxb5 axb5 21. Qc1 Qd7 22. Qc5 Nd4 23. Bxd4 exd4 24. Rxe8+ Rxe8 25. Rc2 Ra8 26. Qxc7 Qxc7 27. Rxc7 Rxa3 28. Rb7 Rxd3 29. Rxb5 Rd1+ 30. Kh2 d3 31. Rd5 Bc3 32. b5 d2 33. b6 Rb1 34. Nxd2 Rxb6 35. Ne4 Bb4 36. Rd8+ Kh7 37. Rd7 Re6 38. f3 f5 39. Nf2 Bd6+ 40. g3 Re2 41. Rxd6 Rxf2+ 42. Kg1 Rxf3 43. Kg2 Ra3 44. h4 g6 45. Rd7+ Kg8 46. Rc7 Re3 47. Kf2 Re4 48. Kf3 Kf8 49. Rb7 Re7 50. Rb6 Kf7 51. g4 fxg4+ 52. Kxg4 Re6 53. Rb7+ Kf6 54. Kf4 Ra6 55. Rb4 h5 56. Rb5 Ra4+ 57. Kg3 Rg4+ 58. Kh3 Ke6 59. Ra5 Rd4 60. Kg3 Rd5 61. Ra8 Ke5 62. Re8+ Kf5 63. Rf8+ Ke6 64. Re8+ Kf7 65. Re3 Kf6 66. Re8 Rd3+ 67. Kf4 Rd4+ 68. Kg3 Rg4+ 69. Kh3 Kf5 70. Rf8+ Ke4 71. Rf6 Ke5 72. Rf8 Ra4 73. Rf3 Rf4 74. Re3+ Kf5 75. Re8 Rf3+ 76. Kg2 Kg4 77. Re4+ Rf4 78. Re6 Kf5 79. Re8 Rxh4 80. Rf8+ Kg5 81. Ra8 Rb4 82. Ra5+ Kg4 83. Ra6 Rb2+ 84. Kf1 Kg5 85. Ra5+ Kh6 86. Ra4 Rb6 87. Kg2 g5 88. Kg3 Rb3+ 89. Kh2 h4 90. Rd4 Kh5 91. Rc4 g4 92. Rc5+ Kg6 93. Rc6+ Kf5 94. Rc5+ Kf4 95. Rh5 Rb2+ 96. Kh1 Kg3 97. Rf5 Rb1+ 98. Rf1 Rxf1# 0-1

[Event "Arco op 37th"]
[Site "Arco"]
[Date "2015.10.10"]
[Round "1"]
[White "Sbalchiero, Lorenzo"]
[Black "Renzi, Marco"]
[Result "1-0"]
[WhiteElo "1599"]
[BlackElo "1940"]
[PlyCount "157"]
[EventDate "2015.10.10"]
[EventType "swiss"]
[EventRounds "9"]
[EventCountry "ITA"]
[SourceTitle "CBM 168 Extra"]
[Source "ChessBase"]
[SourceDate "2015.10.29"]
[SourceVersion "1"]
[SourceVersionDate "2015.10.29"]
[SourceQuality "1"]

1. e4 e5 2. Nf3 Nc6 3. Bc4 Nf6 4. Ng5 d5 5. exd5 Na5 6. Bb5+ Bd7 7. Qe2 Bxb5 8. Qxb5+ c6 9. dxc6 Nxc6 10. Qxb7 Ne7 11. Nc3 h6 12. Nf3 Ng6 13. Qc6+ Nd7 14. Nb5 Rc8 15. Nd6+ Bxd6 16. Qxd6 Rxc2 17. 0-0 Qe7 18. Qxe7+ Kxe7 19. Re1 Rhc8 20. d4 f6 21. dxe5 fxe5 22. b3 Kf6 23. Be3 a5 24. Rec1 Ne7 25. Rd1 Ke6 26. Nd2 Nd5 27. Nc4 a4 28. Kf1 Rc6 29. Rdc1 Nb4 30. Rxc2 Nxc2 31. Rd1 Nf6 32. Rd2 Na1 33. Na5 Rc1+ 34. Ke2 Rb1 35. bxa4 Rb4 36. Nb3 Nxb3 37. axb3 Rxb3 38. Ra2 Nd5 39. Bd2 Kd7 40. a5 Rb8 41. a6 Ra8 42. Kd3 Nc7 43. a7 Ke6 44. Ke4 Nb5 45. Ra6+ Nd6+ 46. Kd3 Kd5 47. f3 e4+ 48. fxe4+ Nxe4 49. Ra5+ Nc5+ 50. Kc3 Kc6 51. Be3 Ne4+ 52. Kc4 Nd6+ 53. Kb4 Kb7 54. Bf4 Nc8 55. Be3 Nd6 56. Bd4 g6 57. Bc5 Nc8 58. Kc4 h5 59. Kd5 Nb6+ 60. Bxb6 Kxb6 61. Ra2 Kb7 62. Ke5 Re8+ 63. Kf6 Ka8 64. Kxg6 h4 65. Kg5 Re4 66. g3 h3 67. Kf5 Rc4 68. g4 Rc1 69. Ra3 Rf1+ 70. Kg5 Rf2 71. Rxh3 Kxa7 72. Rh7+ Kb6 73. h4 Kc6 74. Kg6 Kd6 75. Rf7 Rg2 76. g5 Ke6 77. Rf3 Rg4 78. h5 Ke7 79. h6 1-0